Loading...

PSC previous questions and answers /

Bibliografiske detaljer
Format: Printed Book
Sprog:English
Udgivet: Trivandrum : Talent Academy,
Udgivelse:3rd ed.
Fag:
LEADER 00552 a2200145 4500
008 160229b xxu||||| |||| 00| 0 eng d
999 |c 106367  |d 106367 
082 |a 351.5483076 
245 |a PSC previous questions and answers /  |c edited by Hima Gireesh Neyyar. 
250 |a 3rd ed. 
260 |b Talent Academy,  |a Trivandrum : 
300 |a 1120p. ;  |c 22 cm. 
650 |a Compitative examinations  |x P S C 
942 |2 ddc  |c REF 
952 |0 0  |1 0  |2 ddc  |4 0  |6 351_548307600000000_PSC  |7 0  |9 109911  |a UL  |b UL  |c REF  |d 2015-03-17  |e 2  |g 225.00  |l 0  |o 351.5483076 PSC  |p 93474  |r 2015-06-04  |v 300.00  |y REF